| 000 | 00487nam a22001577a 4500 | ||
|---|---|---|---|
| 005 | 20251108165206.0 | ||
| 008 | 250721s9999 xx 000 0 ara d | ||
| 082 | 1 | 4 | _a910.4/جبي |
| 100 | 1 | _aإبن جبير، أبو الحسين محمد بن أحمد | |
| 245 | 1 | 0 | _aرحلة إبن جبير / |
| 264 | 1 |
_aبيروت : _bدار الكتاب اللبناني - مكتبة المدرسه، _c[19-]. |
|
| 300 | _a240ص | ||
| 650 | 1 | 7 | _aالسفر |
| 942 |
_2ddc _cBK |
||
| 999 |
_c21730 _d21730 |
||